00820nam a2200229 a 450000100060000000300090000600800410001501500210005602000180007704000280009508200170012311000130014024000460015324500720019925000120027126000310028330000270031449000420034150001230038365000290050665000550053524278CO-ViMGA141112s2004 ck r 000 u spa d ack - 2011 - xxxx a9789586538374 aCO-ViMGAbspacCO-ViMGA04a350.986 C67e aColombia aEstatuto de contratación administrativa10aEstatuto general de contratación de la administración pública a6a. ed. aBogotá : bLegis, c2010 axlvii, 752 p. ; 24 cm. aSistema de Eruditos Prácticos Legis aCon todos los valores agregados Legis : jurisprudencia, doctrina, comentarios y concordancias. Julio 2010 - Julio 201114aAdministracion pública14aDerecho administrativo - Legislación - Colombia